Normal view
MARC view
Entry Topical Term
001 - CONTROL NUMBER
- control field: 10188
003 - CONTROL NUMBER IDENTIFIER
- control field: BD-RjUL
005 - DATE AND TIME OF LATEST TRANSACTION
- control field: 20231127103200.0
008 - FIXED-LENGTH DATA ELEMENTS
- fixed length control field: 231127|| aca||aabn | a|a d
040 ## - CATALOGING SOURCE
- Original cataloging agency: BD-RjUL
- Transcribing agency: BD-RjUL
150 ## - HEADING--TOPICAL TERM
- Topical term or geographic name entry element: Fisheries & Aquaculture
670 ## - SOURCE DATA FOUND
- Source citation: Work cat.: (BD-RjUL)82348: Biswas, K. P. 10186, Breeding and Hybridization of Food Fishes /, c2017